[Event "chess.com Speed 2021"]
[Site "chess.com INT"]
[Date "2021.12.19"]
[Round "4.13"]
[White "Nakamura,Hi"]
[Black "So,W"]
[Result "1-0"]
[WhiteElo "2736"]
[BlackElo "2772"]

1.Nf3 c5 2.e4 d6 3.Bb5+ Nd7 4.O-O a6 5.Bd3 Ngf6 6.c3 b5 7.Bc2 Bb7 8.d3 e6
9.Re1 Be7 10.Nbd2 O-O 11.Nf1 Qc7 12.d4 Rfc8 13.Bd3 a5 14.Ng3 b4 15.h3 h6
16.Qe2 Bf8 17.e5 dxe5 18.dxe5 c4 19.Bc2 Bxf3 20.gxf3 Nd5 21.Bd2 Rab8 22.Rab1 g6
23.f4 Nc5 24.Qxc4 Qd8 25.Qe2 b3 26.axb3 Nxb3 27.Bxb3 Rxb3 28.Ne4 Rcb8 29.c4 Rxh3
30.cxd5 Qh4 31.Ng3 Bc5 32.Be3 Rb3 33.Qf3 exd5 34.Rbc1 Bb6 35.Rc3 Bxe3 36.Rcxe3 Rxb2
37.e6 fxe6 38.Rxe6  1-0

[Event "chess.com Speed 2021"]
[Site "chess.com INT"]
[Date "2021.12.19"]
[Round "4.14"]
[White "So,W"]
[Black "Nakamura,Hi"]
[Result "1/2-1/2"]
[WhiteElo "2772"]
[BlackElo "2736"]

1.Nf3 d5 2.d4 Nf6 3.c4 e6 4.g3 Be7 5.Bg2 O-O 6.b3 c5 7.cxd5 Nxd5 8.O-O Nc6
9.Bb2 cxd4 10.Nxd4 Bd7 11.Na3 Nxd4 12.Qxd4 Bf6 13.Qd2 Bc6 14.Rfd1 Qe7 15.Nc4 Rfd8
16.Ne5 Bb5 17.Ng4 Bg5 18.Qe1 h5 19.Ne5 Nb4 20.Nf3 Bh6 21.Nd4 Be8 22.e3 g6
23.a3 Nd5 24.e4 Nb6 25.a4 Bg7 26.Qc3 e5 27.Nf3 Rac8 28.Qe3 Rxd1+ 29.Rxd1 Bc6
30.a5 Nd7 31.Qxa7 Bxe4 32.a6 Nc5 33.Ba3 Bf8 34.axb7 Qxb7 35.Qxb7 Bxb7 36.Nxe5 Bxg2
37.Kxg2 Nxb3 38.Bxf8 Rxf8 39.Rd7 Nc5 40.Rc7 Ne6 41.Rd7 Nc5 42.Rc7 Ne6 43.Rd7 Nc5  1/2-1/2

[Event "chess.com Speed 2021"]
[Site "chess.com INT"]
[Date "2021.12.19"]
[Round "4.32"]
[White "So,W"]
[Black "Nakamura,Hi"]
[Result "0-1"]
[WhiteElo "2772"]
[BlackElo "2736"]

1.e4 e5 2.Ke2 Nc6 3.Nf3 Nf6 4.d3 d5 5.Nbd2 Bc5 6.h3 O-O 7.c3 dxe4 8.dxe4 Qe7
9.b4 Bd6 10.Qc2 b6 11.Ke1 a5 12.b5 Nb8 13.a4 Nbd7 14.Be2 Nc5 15.Ba3 Bb7 16.Bxc5 Bxc5
17.g3 Ne8 18.Kf1 Nd6 19.Kg2 f5 20.Bd3 Qf7 21.Rae1 fxe4 22.Bxe4 Nxe4 23.Rxe4 Rad8
24.Rhe1 Rxd2  0-1

[Event "chess.com Speed 2021"]
[Site "chess.com INT"]
[Date "2021.12.19"]
[Round "4.16"]
[White "So,W"]
[Black "Nakamura,Hi"]
[Result "1-0"]
[WhiteElo "2772"]
[BlackElo "2736"]

1.d4 Nf6 2.c4 e6 3.Nc3 Bb4 4.Qc2 O-O 5.a3 Bxc3+ 6.Qxc3 d5 7.e3 b6 8.cxd5 exd5
9.Bd3 Ba6 10.Ne2 c5 11.b3 cxd4 12.Nxd4 Qc8 13.Qxc8 Rxc8 14.Bxa6 Nxa6 15.Bb2 Nc5
16.Rd1 a5 17.f3 Rc7 18.Ke2 Re8 19.Rhe1 Ne6 20.Kd2 Nd7 21.Nb5 Rc6 22.Rc1 Nec5
23.Rc3 Rh6 24.h3 Rg6 25.Re2 a4 26.b4 Nb3+ 27.Kd1 d4 28.Rd3 h5 29.Bxd4 Rc8
30.Bb2 Ne5 31.Rxb3 axb3 32.Bxe5 Rgc6 33.Bb2  1-0

[Event "chess.com Speed 2021"]
[Site "chess.com INT"]
[Date "2021.12.19"]
[Round "4.17"]
[White "Nakamura,Hi"]
[Black "So,W"]
[Result "1-0"]
[WhiteElo "2736"]
[BlackElo "2772"]

1.Nf3 c5 2.e4 d6 3.Bb5+ Nd7 4.O-O a6 5.Bd3 Ngf6 6.c3 b5 7.Bc2 Bb7 8.Re1 e6
9.d4 Be7 10.Nbd2 Qc7 11.Nf1 O-O 12.Ng3 a5 13.h3 Rfc8 14.Bd3 b4 15.Bg5 h6
16.Be3 Bf8 17.Qd2 bxc3 18.bxc3 Ba6 19.Bxa6 Rxa6 20.Qd3 Raa8 21.Nd2 Rab8 22.Ne2 Rb2
23.Ng3 cxd4 24.cxd4 Qc2 25.Qa6 Rc3 26.Qxa5 d5 27.Rec1 Qxc1+ 28.Rxc1 Rxc1+
29.Ndf1 Ra1 30.e5 Rbxa2 31.Qc3 Ra3 32.Qc2 R3a2 33.Qc3 Ra3 34.Qc2 Nh7 35.Qc6 Ra7
36.Kh2 R1a6 37.Qc2 Nb6 38.Qc6 Nc4 39.Qc8 Ra8 40.Qc7 R6a7 41.Qc6 Rb8 42.h4 Ra2
43.Kh3 Rab2 44.Nh2 R2b6 45.Qc7 R8b7 46.Qc8 Rb8 47.Qc7 g6 48.Ng4 Nxe3 49.Nxe3 h5
50.Ngf1 R6b7 51.Qc6 Bh6 52.g4 hxg4+ 53.Nxg4 Rb3+ 54.Ng3 R3b6 55.Nxh6+ Kg7
56.Qc1 Rb1 57.Qf4 R8b3 58.Ng4  1-0

[Event "chess.com Speed 2021"]
[Site "chess.com INT"]
[Date "2021.12.19"]
[Round "4.18"]
[White "So,W"]
[Black "Nakamura,Hi"]
[Result "1-0"]
[WhiteElo "2772"]
[BlackElo "2736"]

1.Nf3 d5 2.d4 Nf6 3.c4 e6 4.g3 Be7 5.Bg2 O-O 6.O-O dxc4 7.Qc2 b5 8.a4 Bb7
9.axb5 a6 10.bxa6 Nxa6 11.Qxc4 Bd5 12.Qc3 c5 13.Be3 Ne4 14.Qc1 Nb4 15.Rxa8 Qxa8
16.Nc3 Rc8 17.dxc5 Bxc5 18.Nxe4 Bxe3 19.Nf6+ gxf6 20.Qxe3 Kg7 21.Rc1 Rb8
22.h4 Nc6 23.Ne1 Ne5 24.Bxd5 Qxd5 25.Ng2 Rxb2 26.Nf4 Qd2 27.Nh5+ Kg6 28.Nf4+ Kg7
29.Qc5 Ng6 30.Nh5+ Kh6 31.Nxf6 Qxe2 32.Qg5+  1-0

[Event "chess.com Speed 2021"]
[Site "chess.com INT"]
[Date "2021.12.19"]
[Round "4.27"]
[White "So,W"]
[Black "Nakamura,Hi"]
[Result "0-1"]
[WhiteElo "2772"]
[BlackElo "2736"]

1.e4 e5 2.Nf3 Nc6 3.Bb5 Nf6 4.d3 Bc5 5.Bxc6 dxc6 6.O-O Bd6 7.Bg5 h6 8.Bh4 Be6
9.d4 Bg4 10.Nbd2 Qe7 11.dxe5 Bxe5 12.h3 Bxf3 13.Nxf3 O-O 14.c3 Rfe8 15.Nxe5 Qxe5
16.f3 Nh5 17.Qd4 Qf4 18.Bf2 Red8 19.Qe3 Qe5 20.Rfd1 b6 21.h4 Nf4 22.Rd2 Rd6
23.Rad1 Rad8 24.Rxd6 Rxd6 25.Rxd6 cxd6 26.Qd2 d5 27.Bd4 Qc7 28.Be3 Ng6 29.exd5 cxd5
30.h5 Ne7 31.Bf4 Qc5+ 32.Qe3 Qxe3+ 33.Bxe3 Nf5 34.Kf2 f6 35.g4 Ne7 36.a4 Kf7
37.b3 Ke6 38.a5 Nc8 39.axb6 axb6 40.Ke2 Kd6 41.Kd3 Kc6 42.Bc1 Nd6 43.Ba3 Kd7
44.f4 Ke6 45.Bb4 Kd7 46.f5 Kc6 47.Ba3 Kd7 48.Bb4 Kc6 49.c4 dxc4+ 50.bxc4 Kd7
51.Ba3 Nf7 52.Bf8 Ne5+ 53.Kd4 Nxg4 54.Bxg7 Ke7 55.Kd5 Kf7 56.Bh8 Ne3+ 57.Kd4 Nxf5+
58.Kd5 Ne3+ 59.Kd4 Nc2+ 60.Kc3 Ne1 61.Kb4 Ng2 62.Kb5 Ne3 63.Kb4 Ng4 64.Kb5 Kg8
65.Bxf6 Nxf6 66.Kxb6 Nxh5 67.c5 Nf4  0-1

[Event "chess.com Speed 2021"]
[Site "chess.com INT"]
[Date "2021.12.19"]
[Round "4.26"]
[White "Nakamura,Hi"]
[Black "So,W"]
[Result "0-1"]
[WhiteElo "2736"]
[BlackElo "2772"]

1.Nf3 c5 2.e4 d6 3.Bb5+ Nd7 4.O-O a6 5.Bd3 Ngf6 6.c3 b5 7.Re1 Bb7 8.Bc2 e6
9.d4 Be7 10.Nbd2 Qc7 11.Nf1 O-O 12.Bd3 a5 13.Ng3 b4 14.Bf4 Rfc8 15.e5 dxe5
16.dxe5 Nd5 17.Bg5 bxc3 18.Bxe7 Nxe7 19.bxc3 Ng6 20.Bxg6 hxg6 21.Ne4 Rd8
22.Qd6 Qxd6 23.Nxd6 Bxf3 24.gxf3 Nxe5 25.Rxe5 Rxd6 26.Rxc5 Rd2 27.a4 Rc2
28.Kg2 Rd8 29.Rxa5 Rdd2 30.Rf1 Rxc3 31.Ra7 Rd5 32.Ra1 Rg5+ 33.Kf1 Rxf3 34.a5 Rff5
35.Rb1 Rxa5 36.Rb8+ Kh7 37.Rxf7 Ra1+ 38.Ke2 Re5+ 39.Kd3 Ra3+ 40.Kd2 Rf5 41.Rbb7 Ra2+
42.Ke3 Raxf2 43.Rxg7+ Kh6 44.Rh7+ Kg5 45.Rb6 R2f3+ 46.Ke2 Kf6 47.Rbb7 Rf2+
48.Ke3 R2f3+ 49.Ke2 Ra3 50.Rb2 Ra1 51.Rh8 Ra4 52.Rh3 Re4+ 53.Re3 Rh4 54.h3 Rhf4
55.Rd2 Rf2+ 56.Kd1 Rxd2+ 57.Kxd2 e5 58.Ke2 Rf4 59.Ra3 Kf5 60.Rb3 Kg5 61.Rg3+ Kh5
62.Re3 Kh4 63.Ra3 g5 64.Re3 e4 65.Ke1 Rf3 66.Rxe4+ Kxh3 67.Re5 g4 68.Rh5+ Kg2
69.Ke2 g3 70.Rh8 Rf7 71.Re8 Kg1 72.Re6 g2 73.Ke1 Rf4 74.Re8 Rf1+ 75.Ke2 Rf4
76.Ke1 Rg4 77.Ke2 Kh2 78.Kf3 Rg3+  0-1

[Event "chess.com Speed 2021"]
[Site "chess.com INT"]
[Date "2021.12.19"]
[Round "4.29"]
[White "So,W"]
[Black "Nakamura,Hi"]
[Result "1/2-1/2"]
[WhiteElo "2772"]
[BlackElo "2736"]

1.Nf3 d5 2.e3 Nf6 3.c4 e6 4.b3 b6 5.Bb2 Bb7 6.Nc3 a6 7.cxd5 exd5 8.d4 Bd6
9.Bd3 Nbd7 10.O-O O-O 11.Rc1 Re8 12.Ne2 Ne4 13.Ng3 g6 14.Rc2 Qe7 15.Qe2 Nxg3
16.hxg3 Nf6 17.Rfc1 Ne4 18.Ne5 f6 19.Bxe4 dxe4 20.Nc4 Bd5 21.Nxd6 cxd6 22.Rc7 Qe6
23.Qd2 a5 24.Ba3 b5 25.Qe2 b4 26.Bb2 Reb8 27.g4 a4 28.Kh2 axb3 29.axb3 Ra2
30.Kg3 Rf8 31.R1c2 Bxb3 32.d5 Qxd5 33.Rd2 Qe6 34.Qb5 Bd1 35.Qb7 Qxg4+ 36.Kh2 Qh5+
37.Kg1 Rxb2 38.Rxb2 Bc2 39.Rbxc2 Qd1+ 40.Kh2 Qh5+ 41.Kg3 Qg5+ 42.Kh3 Qh5+
43.Kg3 Qg5+ 44.Kh2 Qh5+ 45.Kg3  1/2-1/2

[Event "chess.com Speed 2021"]
[Site "chess.com INT"]
[Date "2021.12.19"]
[Round "4.24"]
[White "Nakamura,Hi"]
[Black "So,W"]
[Result "1-0"]
[WhiteElo "2736"]
[BlackElo "2772"]

1.e4 e5 2.Nf3 Nc6 3.Bb5 a6 4.Ba4 Nf6 5.O-O Be7 6.Re1 b5 7.Bb3 O-O 8.a4 b4
9.d4 d6 10.dxe5 Nxe5 11.Nxe5 dxe5 12.Nd2 Bc5 13.Qe2 Qe7 14.Nc4 Ng4 15.Rf1 a5
16.h3 Nf6 17.Nd2 Kh8 18.Bc4 g5 19.Nb3 Bb6 20.Kh1 Rg8 21.Be3 g4 22.h4 Nxe4
23.Bxb6 Bb7 24.Bd3 Qxh4+ 25.Kg1 g3 26.fxg3 Nxg3 27.Qxe5+ Rg7 28.Rxf7 Rg8
29.Rxg7  1-0

[Event "chess.com Speed 2021"]
[Site "chess.com INT"]
[Date "2021.12.19"]
[Round "4.23"]
[White "So,W"]
[Black "Nakamura,Hi"]
[Result "0-1"]
[WhiteElo "2772"]
[BlackElo "2736"]

1.Nf3 d5 2.d4 Nf6 3.c4 e6 4.Nc3 Be7 5.Bf4 O-O 6.a3 Nbd7 7.Nb5 Ne8 8.e3 a6
9.Nc3 dxc4 10.Bxc4 b5 11.Be2 Bb7 12.O-O c5 13.d5 exd5 14.Nxd5 Bd6 15.a4 Bxd5
16.Bxd6 Nxd6 17.Qxd5 Nb6 18.Qxc5 Nxa4 19.Qa3 Qf6 20.Nd4 Nf5 21.Nxf5 Qxf5
22.Bf3 Rac8 23.b3 Nc5 24.Rfd1 Qc2 25.Bd5 Nd3 26.Rf1 Qc5 27.Bb7 Qxa3 28.Rxa3 Rc7
29.Bxa6 Ra7 30.Raa1 Rfa8 31.Rfd1 Nb4  0-1

[Event "chess.com Speed 2021"]
[Site "chess.com INT"]
[Date "2021.12.19"]
[Round "4.25"]
[White "So,W"]
[Black "Nakamura,Hi"]
[Result "1/2-1/2"]
[WhiteElo "2772"]
[BlackElo "2736"]

1.b3 e5 2.Bb2 Nc6 3.c4 Nf6 4.Nf3 e4 5.Nd4 Bc5 6.Nf5 O-O 7.e3 d5 8.cxd5 Nb4
9.Ng3 Nbxd5 10.Qc2 Qe7 11.a3 Bd6 12.Nc3 Re8 13.Ngxe4 Nxe4 14.Nxd5 Qh4 15.d3 c6
16.g3 Nxg3 17.fxg3 Bxg3+ 18.hxg3 Qxh1 19.Qc3 Qh6 20.Nf4 Rxe3+ 21.Kf2 Re7
22.Bg2 Qg5 23.Re1 Rxe1 24.Qxe1 Bg4 25.Qb4 Re8 26.Bd4 Qe7 27.Qxe7 Rxe7 28.Bxa7 g5
29.Bc5 Rd7 30.Nh3 Rxd3 31.Nxg5 Rxb3 32.Ne4 Kg7 33.Bd4+ Kg6 34.Nc5 Rxa3 35.Nxb7 Ra2+
36.Kg1 Ra3 37.Kf2 Ra2+ 38.Kg1 Ra3 39.Kf2  1/2-1/2

[Event "chess.com Speed 2021"]
[Site "chess.com INT"]
[Date "2021.12.19"]
[Round "4.21"]
[White "So,W"]
[Black "Nakamura,Hi"]
[Result "0-1"]
[WhiteElo "2772"]
[BlackElo "2736"]

1.Nf3 d5 2.e3 Nf6 3.c4 e6 4.Nc3 b6 5.b3 Bb7 6.Bb2 a6 7.cxd5 exd5 8.d4 Bd6
9.g3 Nbd7 10.Bg2 Qe7 11.a4 h5 12.Qc1 Ne4 13.h4 f5 14.O-O O-O-O 15.Nxe4 fxe4
16.Ng5 Kb8 17.Ba3 Nf6 18.Bxd6 Rxd6 19.a5 b5 20.Qc5 Nh7 21.Nxh7 Rxh7 22.f4 exf3
23.Rxf3 g5 24.hxg5 Qxg5 25.Raf1 Rd8 26.Rf8 Rd7 27.R1f7 Rxf7 28.Rxf7 Qxg3
29.Qe7 Rg8 30.Rf8+ Rxf8 31.Qxf8+ Bc8 32.Qf3 Qe1+ 33.Kh2 Qh4+ 34.Kg1 Be6 35.Qf2 Qg5
36.Kh2 h4 37.b4 Qe7 38.Qe1 Qd6+ 39.Kh1 h3 40.Bf3 Qf8 41.Be2 Qf5 42.Kh2 Qc2  0-1

[Event "chess.com Speed 2021"]
[Site "chess.com INT"]
[Date "2021.12.19"]
[Round "4.33"]
[White "Nakamura,Hi"]
[Black "So,W"]
[Result "1-0"]
[WhiteElo "2736"]
[BlackElo "2772"]

1.e4 e5 2.Ke2 Ke7 3.d3 Nc6 4.Nd2 Nf6 5.Ngf3 g6 6.g3 Bg7 7.Bg2 Re8 8.Re1 Kf8
9.Kf1 d5 10.Kg1 h6 11.c3 a5 12.b3 b6 13.Qc2 Bb7 14.Bb2 Kg8 15.a3 Qd6 16.b4 axb4
17.cxb4 Nd7 18.exd5 Qxd5 19.Nh4 Qd6 20.Rac1 Nd4 21.Qxc7 Bxg2 22.Qxd6  1-0

[Event "chess.com Speed 2021"]
[Site "chess.com INT"]
[Date "2021.12.19"]
[Round "4.22"]
[White "Nakamura,Hi"]
[Black "So,W"]
[Result "1-0"]
[WhiteElo "2736"]
[BlackElo "2772"]

1.Nf3 c5 2.e4 d6 3.Bb5+ Nd7 4.O-O a6 5.Bd3 Ngf6 6.c3 b5 7.Bc2 Bb7 8.Re1 e6
9.d4 Be7 10.Nbd2 Qc7 11.Nf1 O-O 12.Ng3 a5 13.Bf4 Rfc8 14.e5 Nd5 15.exd6 Bxd6
16.Bxd6 Qxd6 17.Ne4 Qe7 18.Qd3 c4 19.Qd2 b4 20.Ne5 N5f6 21.Ng5 Rf8 22.Nxc4 h6
23.Ne4 Bxe4 24.Bxe4 Rac8 25.Nxa5 bxc3 26.bxc3 Qa3 27.Nb3 Nxe4 28.Rxe4 Nf6
29.Re3 Rc4 30.Rg3 Kh8 31.Re1 Ra8 32.Re2 Rca4 33.Qd1 Qd6 34.Qb1 Qd5 35.Rge3 Qc4
36.Rc2 Ra3 37.h3 Nd5 38.Rf3 Kg8 39.Nd2 Qa4 40.c4 Rxa2 41.Rxa2 Qxa2 42.cxd5 Qxd2
43.Qb7 Rf8 44.dxe6 fxe6 45.Rxf8+ Kxf8 46.Qc8+ Kf7 47.Qc7+ Kf6 48.Qe5+ Kf7
49.g3 Qd1+ 50.Kg2 Qb3 51.h4 Qb7+ 52.Kh2 Qb2 53.Qf4+ Ke7 54.Qe3 Kf7 55.Kg2 Qa2
56.Qf3+ Ke7 57.Qb7+ Kf6 58.Qc6 Ke7 59.Qc7+ Kf6 60.Qe5+ Kf7 61.Qe4 Kf6 62.h5 Kf7
63.Qf4+ Ke7 64.Qc7+ Kf6 65.Qd7 Qa8+ 66.Kg1 Qf3 67.Qe8 Qd1+ 68.Kg2 Qxd4 69.Qf8+ Kg5
70.Qf7 Qf6 71.Qe8 e5 72.f3 Qd6 73.Qf7 Qf6 74.Qd7 Qf8 75.Qe6 Qf5 76.Qe7+ Qf6
77.Qd7 Qf8 78.Qg4+ Kf6 79.Qe4 Qd6 80.Qg6+ Ke7 81.Qxg7+ Ke8 82.Qg8+ Ke7 83.Qg7+ Ke8
84.Kh3 Qd1 85.Qg6+  1-0

[Event "chess.com Speed 2021"]
[Site "chess.com INT"]
[Date "2021.12.19"]
[Round "4.35"]
[White "Nakamura,Hi"]
[Black "So,W"]
[Result "1-0"]
[WhiteElo "2736"]
[BlackElo "2772"]

1.e4 e6 2.Ne2 d5 3.Nbc3 d4 4.Nb1 c5 5.d3 Nc6 6.Nd2 h5 7.h4 Nf6 8.g3 e5 9.Bg2 Be7
10.a4 Be6 11.Nc4 Nd7 12.f4 Bg4 13.O-O f6 14.Bf3 Bh3 15.Rf2 Qc7 16.f5 O-O-O
17.Kh2 Bg4 18.Bxg4 hxg4 19.Ng1 Rdg8 20.Qxg4 Kb8 21.Bd2 Nf8 22.Qe2 g6 23.fxg6 Nxg6
24.Nh3 Qd7 25.Rg1 Nd8 26.h5 Nf7 27.g4 Nf8 28.b3 Ne6 29.Qf3 Bd8 30.Qf5 Qe8
31.Rg3 Nf4 32.Nxf4 Nh6 33.Qe6 Qxe6 34.Nxe6 Nxg4+ 35.Rxg4 Rxg4 36.h6 Be7 37.Rg2 Rh4+
38.Kg1  1-0

[Event "chess.com Speed 2021"]
[Site "chess.com INT"]
[Date "2021.12.19"]
[Round "4.36"]
[White "So,W"]
[Black "Nakamura,Hi"]
[Result "0-1"]
[WhiteElo "2772"]
[BlackElo "2736"]

1.Nf3 d5 2.c4 e6 3.e3 Nf6 4.b3 b6 5.Bb2 Bb7 6.Nc3 a6 7.cxd5 exd5 8.d4 Bd6
9.g3 Nbd7 10.Bg2 Qe7 11.a4 h5 12.h4 Ne4 13.Ne2 Bb4+ 14.Kf1 O-O-O 15.Nf4 Rhe8
16.Nxh5 Nxf2 17.Kxf2 Qxe3+ 18.Kf1 a5 19.Bh3 Ba6+ 20.Kg2 Be2  0-1

[Event "chess.com Speed 2021"]
[Site "chess.com INT"]
[Date "2021.12.19"]
[Round "4.34"]
[White "So,W"]
[Black "Nakamura,Hi"]
[Result "0-1"]
[WhiteElo "2772"]
[BlackElo "2736"]

1.e4 e5 2.Ke2 d5 3.d3 Nf6 4.Nd2 Nc6 5.c3 b6 6.Ke1 Bb7 7.Ngf3 Qe7 8.Be2 Kd7
9.Qc2 Rd8 10.b4 Kc8 11.a4 a5 12.bxa5 Nxa5 13.Ba3 Qe8 14.Bb4 dxe4 15.dxe4 Bxb4
16.cxb4 Nc6 17.a5 Nxb4 18.Qc3 bxa5 19.Rxa5 Nc6 20.Rc5 Qe6 21.Bb5 Nd4 22.Rxc7+ Kb8
23.Bc4 Qb6 24.Rxf7 Nxe4 25.Qc1 Nxf3+ 26.Rxf3 Nxd2  0-1

[Event "chess.com Speed 2021"]
[Site "chess.com INT"]
[Date "2021.12.19"]
[Round "4.38"]
[White "So,W"]
[Black "Nakamura,Hi"]
[Result "0-1"]
[WhiteElo "2772"]
[BlackElo "2736"]

1.Nf3 d5 2.e3 Nf6 3.c4 e6 4.b3 b6 5.Bb2 Bb7 6.Nc3 a6 7.d4 Bd6 8.g3 Ne4 9.Bg2 Nd7
10.O-O O-O 11.Nxe4 dxe4 12.Ne5 Bxe5 13.dxe5 Nc5 14.Ba3 Qg5 15.h4 Qxe5 16.Qd4 Qd6
17.Rad1 Rfd8 18.Qa1 Qe7 19.Qe5 f6 20.Qf4 e5 21.Qf5 g6 22.Qg4 f5 23.Qe2 a5
24.Qb2 Kf7 25.Qc3 Kf6 26.Qc2 Rd6 27.Rxd6+ cxd6 28.Rd1 Rd8 29.Bb2 Nd3 30.Bc3 d5
31.cxd5 Rxd5 32.f4 Qc5 33.fxe5+ Ke6 34.Qd2 Nxe5 35.Bd4 Qd6 36.Rc1 Nc6 37.Bf1 Nxd4
38.exd4 Qxg3+  0-1

[Event "chess.com Speed 2021"]
[Site "chess.com INT"]
[Date "2021.12.19"]
[Round "4.39"]
[White "Nakamura,Hi"]
[Black "So,W"]
[Result "1/2-1/2"]
[WhiteElo "2736"]
[BlackElo "2772"]

1.e4 e5 2.Nf3 Nc6 3.Bb5 Nf6 4.O-O Nxe4 5.d4 Nd6 6.dxe5 Nxb5 7.a4 d6 8.axb5 Nxe5
9.Re1 Bd7 10.Nxe5 dxe5 11.Rxe5+ Be6 12.Qh5 g6 13.Qf3 Bd6 14.Bg5 Qd7 15.Re1 Qxb5
16.Qf6 Kd7 17.Nc3 Qf5 18.Ne4 Qxf6 19.Bxf6 Rhe8 20.Nxd6 Kxd6 21.f3 Bd7 22.Rxe8 Bxe8
23.Kf2 a5 24.Rd1+ Kc6 25.Rd8 Rxd8 26.Bxd8 Bd7 27.g4 Be6 28.Ke3 Bd5 29.h4 Kd7
30.Bf6 b5 31.c3 Kd6 32.h5 gxh5 33.gxh5 Ke6 34.Bd8 c6 35.Bxa5 Kf5 36.Bd8 f6
37.b4 Bc4 38.h6 Kg6 39.f4 Be6 40.Be7 Kxh6 41.Bxf6 Kg6 42.Bd8 Kf5 43.Kf3 Bd5+
44.Kg3 Be6 45.Bc7 Bf7 46.Be5 Be6 47.Bc7 h5 48.Be5 Bf7 49.Kh4 Bg6 50.Bd6 Bf7
51.Be5 Bg6 52.Kh3 Bf7 53.Kg3 Be6 54.Kf3 Bd5+ 55.Ke3 h4 56.Kf2 Kg4 57.Kg1 Be6
58.f5 Bxf5 59.Bd4 Be6 60.Kh2 Bd7 61.Bh8 Bc8 62.Bg7 Bd7 63.Bf8 Bc8 64.Bd6 Bd7
65.Bc7 Bc8 66.Bb8 Be6 67.Ba7 Bc4 68.Bb6 Bd5 69.Bc7 Bc4 70.Bd6 Bd5 71.Bc5 Bc4
72.Bg1 Bd5 73.Bf2 Bc4 74.Be1 Bd5 75.Bd2 Bc4 76.Bc1 Bd5 77.Be3 Bc4 78.Bc5 Bd5
79.c4 Bxc4 80.Bd6 Bd5 81.Bc5 Bc4 82.Kg2 Bd5+ 83.Kh2 Bc4  1/2-1/2

[Event "chess.com Speed 2021"]
[Site "chess.com INT"]
[Date "2021.12.19"]
[Round "4.37"]
[White "Nakamura,Hi"]
[Black "So,W"]
[Result "0-1"]
[WhiteElo "2736"]
[BlackElo "2772"]

1.e4 c5 2.Nf3 d6 3.Bb5+ Nd7 4.O-O a6 5.Bd3 Ngf6 6.c3 e6 7.Bc2 b5 8.Re1 Bb7
9.d4 Be7 10.Nbd2 O-O 11.Nf1 Qc7 12.Ng3 a5 13.Bf4 Rfc8 14.e5 dxe5 15.dxe5 Bxf3
16.Qxf3 Nd5 17.Nf5 Bf8 18.Bg3 g6 19.Nd6 Nxe5 20.Bxe5 Bxd6 21.Bxd6 Qxd6 22.Be4 Rd8
23.Rad1 Rd7 24.a4 Qc6 25.axb5 Qxb5 26.Bxd5 exd5 27.Rxd5 Rad8 28.Rxd7 Rxd7
29.Qf6 Qe2 30.h4 Qxe1+ 31.Kh2 Qe7 32.Qf3 Qxh4+ 33.Kg1 Qg5 34.g3 Qd5 35.Qe3 Qc6
36.Qe8+ Kg7 37.Qe5+ f6 38.Qe2 Qd5 39.Kh2 Qd2 40.Qf3 Qxb2 41.Kg2 Qb7 42.Qxb7 Rxb7
43.Kf3 a4 44.Kg2 a3 45.Kf3 a2 46.Kg2 a1=Q 47.c4 Qd4 48.Kf3 Qxc4 49.Kg2 Qd4
50.g4 c4 51.g5 c3 52.f4 c2 53.f5 c1=Q 54.fxg6 fxg5 55.gxh7 Kxh7 56.Kf3 g4+
57.Kg3 Qcg1+ 58.Kh4 g3+  0-1

[Event "chess.com Speed 2021"]
[Site "chess.com INT"]
[Date "2021.12.19"]
[Round "4.19"]
[White "Nakamura,Hi"]
[Black "So,W"]
[Result "1-0"]
[WhiteElo "2736"]
[BlackElo "2772"]

1.e4 c5 2.Nf3 d6 3.Bb5+ Nd7 4.O-O a6 5.Bd3 Ngf6 6.c3 b5 7.Bc2 Bb7 8.Re1 e6
9.d4 Be7 10.Nbd2 Qc7 11.Nf1 O-O 12.Ng3 Rfc8 13.Bd3 b4 14.cxb4 cxb4 15.Be3 a5
16.Qe2 Ng4 17.Bd2 Qb6 18.h3 Ngf6 19.Be3 Ba6 20.Rad1 Bxd3 21.Rxd3 Qb5 22.Qd1 d5
23.e5 Ne4 24.Bf4 Nxg3 25.fxg3 a4 26.Bg5 Bf8 27.Rf1 Qc4 28.Ne1 Rc7 29.Rdf3 Nb8
30.b3 axb3 31.axb3 Qa6 32.Be3 Raa7 33.R3f2 Rc3 34.Bd2 Rxg3 35.Kh2 Rg6 36.Nf3 Be7
37.g4 Nc6 38.Be3 h6 39.Rg1 Bg5 40.Qd2 Qb6 41.Rc1 Rc7 42.Bxg5 hxg5 43.Qc2 Rc8
44.Qc5 Qxc5 45.Rxc5 Ne7 46.Rxc8+ Nxc8 47.Ra2 Ne7 48.Ra8+ Kh7 49.Ra7 Nc6 50.Rxf7 Na5
51.Kg3 Nxb3 52.Rb7 Nc1 53.Rxb4 Ne2+ 54.Kh2 Nf4 55.Rb8 Rh6 56.h4 gxh4 57.Rf8 Ne2
58.Ng5+ Kg6 59.Nxe6 Kh7 60.Ng5+ Kg6 61.Nf3 h3 62.e6  1-0

[Event "chess.com Speed 2021"]
[Site "chess.com INT"]
[Date "2021.12.19"]
[Round "4.310"]
[White "So,W"]
[Black "Nakamura,Hi"]
[Result "0-1"]
[WhiteElo "2772"]
[BlackElo "2736"]

1.e3 e5 2.d4 exd4 3.exd4 d5 4.Nf3 Bd6 5.Bd3 Nf6 6.Qe2+ Qe7 7.Qxe7+ Kxe7 8.O-O Re8
9.Re1+ Kf8 10.Rxe8+ Kxe8 11.Nc3 c6 12.Ne5 Be6 13.Bf4 Be7 14.Re1 Nbd7 15.h3 Kf8
16.g4 Nxe5 17.Bxe5 Nd7 18.Bf4 Re8 19.Kg2 Kg8 20.a3 Bf6 21.Ne2 Nf8 22.c3 Bd7
23.Bd2 Bd8 24.f4 f5 25.g5 Bc7 26.Kf3 Ng6 27.Rh1 h6 28.h4 h5 29.Ng3 Ne7 30.Nxh5 Kf7
31.Ng3 g6 32.h5 Rg8 33.hxg6+ Rxg6 34.Rh7+ Rg7 35.Rh8 Rg8 36.Rh6 Rg6 37.Rh1 Rg8
38.b3 Bd6 39.a4 Be6 40.Kg2 Ng6 41.Kf3 Ne7 42.Kg2 Ng6 43.Rh7+ Rg7 44.Rxg7+ Kxg7
45.Bxf5 Nh4+  0-1

[Event "chess.com Speed 2021"]
[Site "chess.com INT"]
[Date "2021.12.19"]
[Round "4.311"]
[White "Nakamura,Hi"]
[Black "So,W"]
[Result "0-1"]
[WhiteElo "2736"]
[BlackElo "2772"]

1.e4 g6 2.d4 Bg7 3.Nf3 d6 4.Bc4 Nf6 5.Qe2 O-O 6.e5 dxe5 7.dxe5 Nd5 8.h3 c6
9.O-O Nb6 10.Bb3 a5 11.Rd1 Qc7 12.a3 Na6 13.Be3 Bf5 14.Nc3 Rad8 15.g4 Bc8
16.Ne4 Nd5 17.Bg5 h6 18.Bc1 b5 19.a4 b4 20.c4 bxc3 21.bxc3 Be6 22.Qxa6 Nb4
23.Rxd8 Nxa6 24.Rxf8+ Kxf8 25.Bxe6 fxe6 26.Rb1 g5 27.Be3 Kf7 28.Rb6 Nb8 29.Nexg5+ hxg5
30.Nxg5+ Kg8 31.Nxe6 Qc8 32.Nxg7 Kxg7 33.e6 c5 34.Rb5 Nc6 35.Rxc5 Qxe6 36.Kg2 Qe4+
37.Kg3 Kf7 38.h4 Ne5  0-1

[Event "chess.com Speed 2021"]
[Site "chess.com INT"]
[Date "2021.12.19"]
[Round "4.312"]
[White "So,W"]
[Black "Nakamura,Hi"]
[Result "0-1"]
[WhiteElo "2772"]
[BlackElo "2736"]

1.e4 e5 2.Nf3 Nc6 3.Bc4 Bc5 4.c3 Nf6 5.d3 O-O 6.Bg5 h6 7.Bh4 Be7 8.Bg3 d6
9.h3 Be6 10.Bxe6 fxe6 11.Nbd2 Qe8 12.O-O Nh5 13.Bh2 Qg6 14.Qb3 b6 15.Rae1 Nd8
16.d4 exd4 17.cxd4 Rf7 18.Qc4 Bf8 19.d5 e5 20.Nh4 Qf6 21.Nf5 g6 22.Ne3 Nf4
23.Bxf4 Qxf4 24.g3 Qf6 25.Kg2 h5 26.f4 exf4 27.gxf4 Qxb2 28.Rf2 Nb7 29.e5 dxe5
30.Nf3 Qb4 31.Qc2 Qxf4 32.Qc6 e4 33.Qxb7 exf3+ 34.Kh1 Re8  0-1

[Event "chess.com Speed 2021"]
[Site "chess.com INT"]
[Date "2021.12.19"]
[Round "4.313"]
[White "Nakamura,Hi"]
[Black "So,W"]
[Result "1-0"]
[WhiteElo "2736"]
[BlackElo "2772"]

1.e4 c5 2.Nf3 d6 3.Bb5+ Nd7 4.O-O a6 5.Bd3 Ngf6 6.c3 e6 7.Bc2 b5 8.d4 Bb7
9.Re1 Be7 10.Nbd2 O-O 11.Nf1 Qc7 12.Bd3 a5 13.Ng3 b4 14.Bf4 Rfc8 15.e5 Nd5
16.exd6 Bxd6 17.Bxd6 Qxd6 18.Bxh7+ Kxh7 19.Ng5+ Kg8 20.Qh5 Qf4 21.Qh7+ Kf8
22.Rxe6 fxe6 23.Nxe6+ Kf7 24.Nxf4 Nxf4 25.Qf5+ Nf6 26.Qxf4 bxc3 27.bxc3 cxd4
28.cxd4 Rc2 29.Nh5  1-0

[Event "chess.com Speed 2021"]
[Site "chess.com INT"]
[Date "2021.12.19"]
[Round "4.31"]
[White "Nakamura,Hi"]
[Black "So,W"]
[Result "1-0"]
[WhiteElo "2736"]
[BlackElo "2772"]

1.Nf3 e6 2.e4 d5 3.exd5 exd5 4.d4 Nf6 5.Bd3 Bd6 6.c4 dxc4 7.Bxc4 O-O 8.O-O h6
9.h3 Nc6 10.Nc3 Bf5 11.Re1 a6 12.a3 Qd7 13.Be3 Rfe8 14.Bf1 Rad8 15.b4 Ne4
16.Qb3 Nxc3 17.Qxc3 Be4 18.Nd2 Bd5 19.Bc4 Ne7 20.Qb3 c6 21.Re2 f5 22.Nf3 Kh7
23.Bxd5 Nxd5 24.Rae1 Qf7 25.Bd2 Rxe2 26.Rxe2 Re8 27.Qd3 Rxe2 28.Qxe2 Qe7
29.Qxe7 Bxe7 30.Kf1 Kg6 31.Ke2 Kf7 32.Kd3 Ke6 33.Ne1 b5 34.g3 Nb6 35.Ng2 g5
36.h4 gxh4 37.gxh4 h5 38.Nf4+ Kf7 39.Nxh5 Bxh4 40.f3 Be7 41.Ng3 Ke6 42.Ne2 Bd6
43.Bc1 Nd5 44.Bd2 Kf6 45.Nc1 Kg6 46.Nb3 Kh5 47.Na5 Ne7 48.Nb7 Nc8 49.d5 cxd5
50.Kd4  1-0

[Event "FIDE Grand Prix 1 Pool A"]
[Site "Berlin GER"]
[Date "2022.02.04"]
[Round "1.2"]
[White "Bacrot,E"]
[Black "Nakamura,Hi"]
[Result "1/2-1/2"]
[WhiteElo "2642"]
[BlackElo "2736"]

1.e4 e5 2.Nf3 Nc6 3.Bb5 Nf6 4.O-O Nxe4 5.Re1 Nd6 6.Nxe5 Be7 7.Bf1 Nf5 8.Nf3 d5
9.d4 O-O 10.Nc3 Nh4 11.Nxh4 Bxh4 12.Ne2 Bf5 13.Nf4 Qd7 14.c3 Rae8 15.Be3 Nd8
16.Nd3 Be7 17.Qb3 c6 18.Bf4 Ne6 19.Bg3 Qc8 20.Ne5 Bd8 21.Bd3 Bxd3 22.Nxd3 Bc7
23.Bxc7 Nxc7 24.a4 Rxe1+ 25.Rxe1 Re8 26.Qd1 Rxe1+ 27.Qxe1 Qf5 28.Qe3 a5 29.h3 h5
30.h4 Ne6  1/2-1/2

[Event "FIDE Grand Prix 1 Pool A"]
[Site "Berlin GER"]
[Date "2022.02.06"]
[Round "3.1"]
[White "Grischuk,A"]
[Black "Nakamura,Hi"]
[Result "1/2-1/2"]
[WhiteElo "2764"]
[BlackElo "2736"]

1.d4 d5 2.Nf3 Nf6 3.c4 dxc4 4.e3 e6 5.Bxc4 c5 6.O-O a6 7.Re1 Nc6 8.Nc3 Be7
9.dxc5 Qxd1 10.Rxd1 Bxc5 11.Bd2 Bd7 12.Rac1 O-O 13.Be2 Ba7 14.Ng5 Ne7 15.Nce4 Nxe4
16.Nxe4 Bc6 17.Nd6 Rfd8 18.Nxb7 Bxb7 19.Rc7 Bc6 20.Rxe7 Bb6 21.Kf1 a5 22.Rc1 Be4
23.Rc4 Kf8 24.Rxe4 Kxe7 25.Bc3 g5 26.g4 Rac8 27.Ra4 Rd5 28.Kg2 h6 29.h3 Rdc5
30.Kf3 Rxc3 31.bxc3 Rxc3  1/2-1/2

[Event "FIDE Grand Prix 1 Pool A"]
[Site "Berlin GER"]
[Date "2022.02.07"]
[Round "4.2"]
[White "Nakamura,Hi"]
[Black "Bacrot,E"]
[Result "1/2-1/2"]
[WhiteElo "2736"]
[BlackElo "2642"]

1.e4 e6 2.d4 d5 3.Nc3 Nf6 4.e5 Nfd7 5.f4 c5 6.Nf3 Nc6 7.Be3 a6 8.a3 cxd4
9.Nxd4 Bc5 10.Qd2 g5 11.Nf3 d4 12.Bxd4 Nxd4 13.Nxd4 gxf4 14.Qxf4 Nxe5 15.Nb3 Ng6
16.Qf3 Ba7 17.Bxa6 O-O 18.Bd3 Qh4+ 19.Qg3 Qh6 20.h4 f5 21.Nd2 Bb8 22.Qf2 Ba7
23.Qg3 Bb8 24.Qf2 Ba7 25.Qg3 Bb8  1/2-1/2